000 01867cam a22004694i 4500
003 PE-LiUPU
005 20250731173521.0
008 150616s r 000 0 d
020 _a0664246931
035 _a(Sirsi) i9780664246938
040 _aPE-LiUPU
_bspa
_cPE-LiUPU
_erda
049 _aPRUA
082 0 4 _a264
_bA74
_221
100 1 _aArmstrong, Richard Stall,
_eautor.
245 1 4 _aThe Pastor - Evangelist in Worship.
264 1 _aPhiladelphia :
_bThe Wetminster Press,
_c1986.
300 _a216 páginas ;
_c20 centímetros
336 _atext
_2rdacontent
337 _aunmediated
_2rdamedia
338 _avolume
_2rdacarrier
504 _aBibliografía: páginas 203-208.
505 0 _aThe Pastor-Evangelist as Worship Leader.- Preliminary Considerations.- The Sunday Worship Service.- The Sacraments.- Weddings.- funerals.- Ordination and Installation Services.- Preparing the Preacher.- Planning the Preaching.- Preaching the Sermon.- Presenting the Gospel.- Prizing the Pulpit.- The Integrity of Evangelism.- Evaluating Your Church Bulletin.- Scriptural Reflections (Childs Memorial Service).
526 _aSEG42
526 _aSEG41
526 _aSEG40
526 _aSEG39
526 _aP94
526 _aP87
526 _aP86
526 _aP85
526 _aP77
526 _aP76
526 _aP35
650 0 4 _aCULTO Y ADORACION PUBLICOS.
910 _ajck
_bjvq
_cjck
942 _2ddc
_cBOOK
949 _a264 A74
_wDEWEY
_c1
_i41893
_lCCODEBUL1
_mBUL
_r0
_sY
_tBOOK
_u2015-6-16
_xTEOLOGIA
_zUNKNOWN
_0COMPRA
_o.STAFF. Colección General
994 _aC0
_bPEPRU
596 _a1
999 _a264 A74
_wDEWEY
_c59655
_i41893
_d59655
_f2021-11-10
_g5
_lCCODEBUL1
_mBUL
_q2
_r0
_sY
_tBOOK
_u2015-6-16
_xTEOLOGIA
_zUNKNOWN
_0COMPRA
_o.STAFF. Colección General
980 _81
_gALBERTO SANCHEZ Responsable de Automatización